Normal view
MARC view
- Hamidullah, Muhammad.
Entry Personal Name
001 - CONTROL NUMBER
- control field: 6037
003 - CONTROL NUMBER IDENTIFIER
- control field: NUST
005 - DATE AND TIME OF LATEST TRANSACTION
- control field: 20171107101544.0
008 - FIXED-LENGTH DATA ELEMENTS
- fixed length control field: 171107|| aca||aabn | a|a d
040 ## - CATALOGING SOURCE
- Original cataloging agency: NUST
- Transcribing agency: NUST
100 ## - HEADING--PERSONAL NAME
- Personal name: Hamidullah, Muhammad.
670 ## - SOURCE DATA FOUND
- Source citation: Work cat.: (NUST)0: Hamidullah, Muhammad., The emergence of Islam :, 1993.
